[Event "Presolana op 35th"]
[Site "Presolana"]
[Date "2015.08.29"]
[Round "7"]
[White "Mascheroni, Maurizio"]
[Black "Annicchiarico, Luigi"]
[Result "1/2-1/2"]
[WhiteElo "1945"]
[BlackElo "1725"]
[PlyCount "23"]
[EventDate "2015.08.23"]
[EventType "swiss"]
[EventRounds "8"]
[EventCountry "ITA"]
[SourceTitle "EXT 2024"]
[Source "ChessBase"]
[SourceDate "2023.10.10"]
[SourceVersion "1"]
[SourceVersionDate "2023.10.10"]
[SourceQuality "1"]

1. e4 e6 2. d4 d5 3. Nd2 dxe4 4. Nxe4 Nd7 5. Nf3 Ngf6 6. Bg5 Be7 7. Nxf6+ Bxf6 8. Bxf6 Nxf6 9. Bd3 0-0 10. 0-0 b6 11. c3 Bb7 12. Re1 1/2-1/2

[Event "Bratto op-B 34th"]
[Site "Bratto"]
[Date "2014.08.30"]
[Round "8"]
[White "Villa, Claudio"]
[Black "Mascheroni, Maurizio"]
[Result "1-0"]
[WhiteElo "1796"]
[BlackElo "1996"]
[PlyCount "131"]
[EventDate "2014.08.23"]
[EventType "swiss"]
[EventRounds "8"]
[EventCountry "ITA"]
[SourceTitle "EXT 2017"]
[Source "ChessBase"]
[SourceDate "2016.10.25"]
[SourceVersion "1"]
[SourceVersionDate "2016.10.25"]
[SourceQuality "1"]

1. d4 Nf6 2. c4 e6 3. Nf3 b6 4. g3 Bb7 5. Bg2 Bb4+ 6. Nbd2 Ne4 7. 0-0 Nxd2 8. Bxd2 Bxd2 9. Qxd2 0-0 10. Rac1 d6 11. b4 Nd7 12. Rfd1 Qe7 13. c5 Bxf3 14. Bxf3 Rac8 15. Bb7 Rb8 16. cxd6 cxd6 17. Rc7 Rfd8 18. Bf3 d5 19. Rxa7 Qd6 20. Rc1 Rdc8 21. e3 Nf6 22. Rc3 g6 23. Qc2 Rxc3 24. Qxc3 Kg7 25. a3 Ne8 26. e4 dxe4 27. Bxe4 Nf6 28. Bf3 Rd8 29. Qe3 Qxd4 30. Qxe6 Rf8 31. Qb3 Ne8 32. a4 Nd6 33. Rd7 Qe5 34. Qd5 Qe1+ 35. Kg2 Nf5 36. Be4 Qxb4 37. Bxf5 gxf5 38. Qe5+ Kg6 39. Qd6+ Qxd6 40. Rxd6+ f6 41. Rxb6 Ra8 42. Rb4 Ra5 43. Kf3 Ra6 44. Ke3 Ra8 45. Kd3 Ra5 46. Kc3 Re5 47. Rf4 Re1 48. Kb4 Rb1+ 49. Ka5 Rb2 50. Ka6 Ra2 51. a5 Ra1 52. Kb6 Rb1+ 53. Ka7 Rb2 54. a6 Kg5 55. Ka8 h5 56. h4+ Kg6 57. a7 Rb3 58. Rc4 Rb2 59. Rc7 f4 60. gxf4 Kf5 61. Rb7 Re2 62. Kb8 Re8+ 63. Kc7 Kxf4 64. Rb8 Re7+ 65. Kb6 Re6+ 66. Kc5 1-0

[Event "Bratto op-B 34th"]
[Site "Bratto"]
[Date "2014.08.29"]
[Round "7"]
[White "Mascheroni, Maurizio"]
[Black "Bettini, Alessandro"]
[Result "1/2-1/2"]
[WhiteElo "1996"]
[BlackElo "1829"]
[PlyCount "22"]
[EventDate "2014.08.23"]
[EventType "swiss"]
[EventRounds "8"]
[EventCountry "ITA"]
[SourceTitle "EXT 2017"]
[Source "ChessBase"]
[SourceDate "2016.10.25"]
[SourceVersion "1"]
[SourceVersionDate "2016.10.25"]
[SourceQuality "1"]

1. e4 Nc6 2. d4 d5 3. e5 Bf5 4. c3 e6 5. Bd3 Bg6 6. f4 Nh6 7. Nf3 Be7 8. 0-0 0-0 9. Be3 Ng4 10. Qe2 Bxd3 11. Qxd3 Nxe3 1/2-1/2

[Event "Bratto op-B 34th"]
[Site "Bratto"]
[Date "2014.08.26"]
[Round "4"]
[White "Pirrello, Christian"]
[Black "Mascheroni, Maurizio"]
[Result "1/2-1/2"]
[WhiteElo "1691"]
[BlackElo "1996"]
[PlyCount "50"]
[EventDate "2014.08.23"]
[EventType "swiss"]
[EventRounds "8"]
[EventCountry "ITA"]
[SourceTitle "EXT 2017"]
[Source "ChessBase"]
[SourceDate "2016.10.25"]
[SourceVersion "1"]
[SourceVersionDate "2016.10.25"]
[SourceQuality "1"]

1. d4 Nf6 2. c4 e6 3. Nc3 Bb4 4. e3 0-0 5. a3 Bxc3+ 6. bxc3 c5 7. Bd3 d6 8. Ne2 e5 9. e4 Nc6 10. d5 Ne7 11. 0-0 Ng6 12. f4 exf4 13. Bxf4 Nxf4 14. Nxf4 Qe7 15. Qc2 Ng4 16. Rae1 Ne5 17. Re3 b6 18. Rg3 f6 19. Qd1 Rf7 20. Re1 g6 21. Ree3 Bd7 22. Qf1 Raf8 23. Qe2 Rg7 24. Qa2 Rgf7 25. Qe2 Rg7 1/2-1/2

[Event "Bratto op 23rd"]
[Site "Bratto"]
[Date "2003.08.27"]
[Round "7"]
[White "Alberton, Roberto"]
[Black "Mascheroni, Maurizio"]
[Result "1-0"]
[WhiteElo "2113"]
[BlackElo "2068"]
[PlyCount "33"]
[EventDate "2003.08.21"]
[EventType "swiss"]
[EventRounds "9"]
[EventCountry "ITA"]
[SourceTitle "EXT 2004"]
[Source "ChessBase"]
[SourceDate "2003.11.25"]
[SourceVersion "1"]
[SourceVersionDate "2003.11.25"]
[SourceQuality "1"]

1. e4 d6 2. d4 Nf6 3. Nc3 g6 4. Be3 Bg7 5. f3 c6 6. Qd2 Nbd7 7. g4 h5 8. g5 Ng8 9. f4 e5 10. dxe5 dxe5 11. f5 gxf5 12. exf5 f6 13. 0-0-0 Qa5 14. Bc4 b5 15. Be6 Qc7 16. Ne4 Bf8 17. Nf3 1-0

[Event "Bratto op 22nd"]
[Site "Bratto"]
[Date "2002.08.27"]
[Round "8"]
[White "Bonanno, Alessandro"]
[Black "Mascheroni, Maurizio"]
[Result "1-0"]
[WhiteElo "2094"]
[BlackElo "2068"]
[PlyCount "103"]
[EventDate "2002.08.20"]
[EventType "swiss"]
[EventRounds "9"]
[EventCountry "ITA"]
[SourceTitle "EXT 2003"]
[Source "ChessBase"]
[SourceDate "2002.11.25"]
[SourceVersion "1"]
[SourceVersionDate "2002.11.25"]
[SourceQuality "1"]

1. e4 d6 2. d4 Nf6 3. Nc3 g6 4. f4 Bg7 5. Nf3 c5 6. Bb5+ Bd7 7. e5 Ng4 8. e6 Bxb5 9. exf7+ Kd7 10. Nxb5 Qa5+ 11. Nc3 cxd4 12. Nxd4 Bxd4 13. Qxd4 Nc6 14. Qc4 Rhf8 15. Bd2 Qf5 16. h3 Nf6 17. 0-0-0 Qe6 18. Qb5 Kc7 19. Rhe1 Qxf7 20. Be3 Rac8 21. Kb1 Kb8 22. g4 a6 23. Qa4 Nd7 24. Nd5 e6 25. Nb4 Nc5 26. Bxc5 dxc5 27. Nd3 Qe7 28. Qe4 c4 29. Qxc4 Ne5 30. Qe4 Nxd3 31. Rxd3 Rcd8 32. Rxd8+ Rxd8 33. Kc1 Qd7 34. Qe5+ Ka8 35. Qe3 Qa4 36. a3 Qc4 37. Kb1 Rc8 38. Re2 Rf8 39. Rf2 Rc8 40. Re2 Rd8 41. b3 Qd5 42. Kb2 Rc8 43. Qxe6 Qd4+ 44. Ka2 Rc3 45. Qe8+ Ka7 46. Qe5 Qd1 47. Kb2 Rc8 48. Qe3+ Ka8 49. Rd2 Qh1 50. Qe6 Rb8 51. Rd3 Qf1 52. f5 1-0

[Event "Bratto op 22nd"]
[Site "Bratto"]
[Date "2002.08.25"]
[Round "6"]
[White "Agnelli, Francesco"]
[Black "Mascheroni, Maurizio"]
[Result "1/2-1/2"]
[WhiteElo "2146"]
[BlackElo "2068"]
[PlyCount "60"]
[EventDate "2002.08.20"]
[EventType "swiss"]
[EventRounds "9"]
[EventCountry "ITA"]
[SourceTitle "EXT 2003"]
[Source "ChessBase"]
[SourceDate "2002.11.25"]
[SourceVersion "1"]
[SourceVersionDate "2002.11.25"]
[SourceQuality "1"]

1. e4 d6 2. d4 Nf6 3. Nc3 g6 4. Bg5 Bg7 5. Qd2 c6 6. Bd3 Qa5 7. Nge2 Nbd7 8. f3 e5 9. h4 h5 10. a3 Ng8 11. Bc4 exd4 12. Nxd4 Qc5 13. Bxf7+ Kxf7 14. Nb3 Qe5 15. f4 Qe6 16. 0-0 Ndf6 17. Rae1 Ne8 18. f5 Qc4 19. fxg6+ Kxg6 20. Ne2 Ngf6 21. Bxf6 Nxf6 22. Qg5+ Kf7 23. Nf4 Bg4 24. e5 dxe5 25. Rxe5 Rad8 26. Qg6+ Kf8 27. Qg5 Rh6 28. Ng6+ Rxg6 29. Qxg6 Qf7 30. Qg5 Rd5 1/2-1/2

[Event "Bratto op 22nd"]
[Site "Bratto"]
[Date "2002.08.23"]
[Round "4"]
[White "Giretti Kanev, Jasen"]
[Black "Mascheroni, Maurizio"]
[Result "1-0"]
[WhiteElo "2193"]
[BlackElo "2068"]
[PlyCount "127"]
[EventDate "2002.08.20"]
[EventType "swiss"]
[EventRounds "9"]
[EventCountry "ITA"]
[SourceTitle "EXT 2003"]
[Source "ChessBase"]
[SourceDate "2002.11.25"]
[SourceVersion "1"]
[SourceVersionDate "2002.11.25"]
[SourceQuality "1"]

1. e4 d6 2. d4 Nf6 3. Nc3 g6 4. Nf3 Bg7 5. Be2 Bg4 6. h3 Bxf3 7. Bxf3 Nbd7 8. Be3 c6 9. 0-0 0-0 10. Be2 e5 11. f4 Qe7 12. fxe5 dxe5 13. d5 cxd5 14. Nxd5 Nxd5 15. Qxd5 Nf6 16. Qc4 Rac8 17. Qa4 b6 18. Rad1 Rfd8 19. Rxd8+ Rxd8 20. Bc4 Qd7 21. Bb5 Qe7 22. Bc4 Qd7 23. Qb3 Rf8 24. Qd3 Qxd3 25. cxd3 Rd8 26. Bd2 Rd7 27. Bb5 Rc7 28. Bg5 Nh5 29. b3 Bf8 30. Kh2 Ng7 31. Bc4 Bc5 32. Bd8 Rd7 33. Bf6 Bd4 34. g4 Rc7 35. Bd8 Rd7 36. Bf6 Rc7 37. Bd8 Rd7 38. Bg5 Rc7 39. Rc1 Bb2 40. Rb1 Bd4 41. Rf1 Ne8 42. a4 Kg7 43. Bd8 Rd7 44. g5 Nd6 45. Bf6+ Kf8 46. Kg3 Nxc4 47. bxc4 Rd6 48. h4 Re6 49. Rb1 Bc5 50. a5 Be7 51. axb6 axb6 52. Bxe7+ Kxe7 53. Kf3 Rd6 54. Ke3 Ke6 55. Rf1 Ke7 56. Ra1 Ke6 57. Ra8 Rd7 58. Rb8 f5 59. Rxb6+ Ke7 60. exf5 gxf5 61. Rh6 Kd8 62. Rf6 f4+ 63. Ke4 Re7 64. d4 1-0

[Event "Bratto op 21st"]
[Site "Bratto"]
[Date "2001.08.27"]
[Round "6"]
[White "Mascheroni, Maurizio"]
[Black "Sbarra, Marco"]
[Result "0-1"]
[WhiteElo "2054"]
[BlackElo "2305"]
[PlyCount "60"]
[EventDate "2001.08.22"]
[EventType "swiss"]
[EventRounds "9"]
[EventCountry "ITA"]
[SourceTitle "EXT 2002"]
[Source "ChessBase"]
[SourceDate "2001.11.25"]
[SourceVersion "1"]
[SourceVersionDate "2001.11.25"]
[SourceQuality "1"]

1. e4 c5 2. f4 d5 3. exd5 Qxd5 4. Nf3 Nc6 5. Nc3 Qd8 6. Be2 g6 7. d3 Bg7 8. 0-0 Nf6 9. Kh1 0-0 10. Ne4 b6 11. c3 Bb7 12. Qc2 Qc7 13. Nxf6+ Bxf6 14. Be3 Rfd8 15. Ng5 e6 16. Ne4 Bg7 17. Rad1 Rd7 18. Rd2 Rad8 19. Rfd1 Ne7 20. Bf3 Nd5 21. Re2 Nxe3 22. Rxe3 Qxf4 23. Qf2 Ba6 24. g3 Qf5 25. Qe2 Bh6 26. Bg4 Qe5 27. Rf1 Bxe3 28. Nf6+ Kg7 29. Nxd7 Rxd7 30. Re1 Rxd3 0-1

[Event "Bratto op 21st"]
[Site "Bratto"]
[Date "2001.08.26"]
[Round "5"]
[White "Rossi, Giampiero"]
[Black "Mascheroni, Maurizio"]
[Result "0-1"]
[WhiteElo "2119"]
[BlackElo "2054"]
[PlyCount "62"]
[EventDate "2001.08.22"]
[EventType "swiss"]
[EventRounds "9"]
[EventCountry "ITA"]
[SourceTitle "EXT 2002"]
[Source "ChessBase"]
[SourceDate "2001.11.25"]
[SourceVersion "1"]
[SourceVersionDate "2001.11.25"]
[SourceQuality "1"]

1. d4 Nf6 2. c4 e6 3. Nc3 Bb4 4. Qc2 0-0 5. a3 Bxc3+ 6. Qxc3 b6 7. Bg5 Bb7 8. f3 d5 9. e3 Nbd7 10. Nh3 Rc8 11. Bd3 h6 12. Bh4 c5 13. 0-0 cxd4 14. Qxd4 e5 15. Bxf6 Qxf6 16. Qg4 Qe7 17. cxd5 Nf6 18. Qh4 Bxd5 19. Rac1 Rfd8 20. Nf2 Bb3 21. Ba6 Rxc1 22. Rxc1 Qd6 23. Rc3 Be6 24. Rd3 Qc7 25. Rxd8+ Qxd8 26. Nd3 b5 27. Bxb5 Qb6 28. Qb4 Qxe3+ 29. Kf1 e4 30. Qc5 Qd2 31. fxe4 Ng4 0-1

[Event "Bratto op 21st"]
[Site "Bratto"]
[Date "2001.08.23"]
[Round "2"]
[White "Mascheroni, Maurizio"]
[Black "Digiugno, Franco"]
[Result "1/2-1/2"]
[WhiteElo "2054"]
[BlackElo "2145"]
[PlyCount "24"]
[EventDate "2001.08.22"]
[EventType "swiss"]
[EventRounds "9"]
[EventCountry "ITA"]
[SourceTitle "EXT 2002"]
[Source "ChessBase"]
[SourceDate "2001.11.25"]
[SourceVersion "1"]
[SourceVersionDate "2001.11.25"]
[SourceQuality "1"]

1. e4 c6 2. d4 d6 3. Nf3 Bg4 4. h3 Bxf3 5. Qxf3 Nf6 6. Nc3 Nbd7 7. a4 g6 8. Bc4 Bg7 9. Bg5 Qc7 10. 0-0 0-0 11. Rfe1 e5 12. Bxf6 Nxf6 1/2-1/2

[Event "Bratto op 20th"]
[Site "Bratto"]
[Date "2000.??.??"]
[Round "3"]
[White "Mascheroni, Maurizio"]
[Black "Lapiccirella, Mattia"]
[Result "0-1"]
[WhiteElo "2059"]
[BlackElo "2144"]
[PlyCount "80"]
[EventDate "2000.08.25"]
[EventType "swiss"]
[EventRounds "9"]
[EventCountry "ITA"]
[SourceTitle "CBM 077 Extra"]
[Source "ChessBase"]
[SourceDate "2000.09.14"]
[SourceVersion "1"]
[SourceVersionDate "2000.09.14"]
[SourceQuality "1"]

1. e4 c5 2. Nf3 Nc6 3. Bb5 g6 4. 0-0 Bg7 5. c3 Nf6 6. Re1 0-0 7. d4 cxd4 8. cxd4 d5 9. e5 Ne4 10. Nc3 Nxc3 11. bxc3 Na5 12. h3 Bd7 13. Qa4 Bxb5 14. Qxb5 Rc8 15. Bd2 a6 16. Qd3 Rc6 17. Rec1 Qd7 18. Rc2 Rc4 19. Be3 Rfc8 20. Nd2 Ra4 21. Rac1 Nc4 22. Nxc4 Raxc4 23. Bd2 b5 24. Rb2 f6 25. f4 Bh6 26. Rb4 fxe5 27. dxe5 d4 28. Rbb1 Rd8 29. cxd4 Rxd4 30. Qb3+ e6 31. Ba5 Rd3 32. Qc2 Rf8 33. Rd1 Qd4+ 34. Kh1 Rxd1+ 35. Rxd1 Qxf4 36. Bd2 Qf2 37. Qc3 Bg7 38. Qc6 Qe2 39. Qxe6+ Kh8 40. Qg4 Rf1+ 0-1

[Event "Bratto op 20th"]
[Site "Bratto"]
[Date "2000.??.??"]
[Round "5"]
[White "Mascheroni, Maurizio"]
[Black "Riccio, Eros"]
[Result "1-0"]
[WhiteElo "2059"]
[BlackElo "2134"]
[PlyCount "71"]
[EventDate "2000.08.25"]
[EventType "swiss"]
[EventRounds "9"]
[EventCountry "ITA"]
[SourceTitle "CBM 077 Extra"]
[Source "ChessBase"]
[SourceDate "2000.09.14"]
[SourceVersion "1"]
[SourceVersionDate "2000.09.14"]
[SourceQuality "1"]

1. e4 Nf6 2. e5 Nd5 3. d4 d6 4. exd6 cxd6 5. Nf3 g6 6. h3 Bg7 7. c4 Nb6 8. Nc3 0-0 9. Be2 Nc6 10. 0-0 Bf5 11. Be3 d5 12. c5 Nc4 13. b3 Nxe3 14. fxe3 Bh6 15. Kf2 e5 16. dxe5 Qa5 17. Rc1 Bxe3+ 18. Kxe3 d4+ 19. Nxd4 Qxc5 20. Ne4 Qxe5 21. Nxc6 Qxe4+ 22. Kf2 bxc6 23. Bf3 Qh4+ 24. Kg1 Rad8 25. Qe1 Qg5 26. Kh1 Rd2 27. Rxc6 Rxa2 28. Qe5 Qd2 29. Bd5 Qe2 30. Rxf5 gxf5 31. Qxf5 Qf2 32. Bxf7+ Kg7 33. Qe5+ Kxf7 34. Rc7+ Kg6 35. Rg7+ Kh6 36. Qg5# 1-0

[Event "Bratto op 20th"]
[Site "Bratto"]
[Date "2000.??.??"]
[Round "1"]
[White "Trabert, Bettina"]
[Black "Mascheroni, Maurizio"]
[Result "1-0"]
[WhiteElo "2259"]
[BlackElo "2059"]
[PlyCount "67"]
[EventDate "2000.08.25"]
[EventType "swiss"]
[EventRounds "9"]
[EventCountry "ITA"]
[SourceTitle "CBM 077 Extra"]
[Source "ChessBase"]
[SourceDate "2000.09.14"]
[SourceVersion "1"]
[SourceVersionDate "2000.09.14"]
[SourceQuality "1"]

1. e4 d6 2. d4 Nf6 3. Bd3 e5 4. c3 g6 5. Nf3 Bg4 6. Nbd2 Bg7 7. h3 Bxf3 8. Nxf3 Nbd7 9. 0-0 0-0 10. Re1 Re8 11. Qb3 Rb8 12. a4 c6 13. Bc4 Rf8 14. dxe5 dxe5 15. Qc2 h6 16. Be3 b6 17. b4 Qc7 18. Red1 c5 19. b5 Rbd8 20. Rd2 Nh5 21. Rad1 Nb8 22. Qa2 Rxd2 23. Qxd2 Kh7 24. Nh2 Nf6 25. f3 Qd7 26. Qxd7 Nbxd7 27. g4 g5 28. Nf1 Kg8 29. Ng3 Re8 30. Nf5 Bf8 31. h4 gxh4 32. Bxh6 Nb8 33. g5 Nh5 34. g6 1-0

[Event "Corsico Magistrale op 19th"]
[Site "Corsico"]
[Date "1999.10.09"]
[Round "4"]
[White "Mascheroni, Maurizio"]
[Black "Crippa, Gabriele"]
[Result "0-1"]
[WhiteElo "1989"]
[BlackElo "1946"]
[PlyCount "106"]
[EventDate "1999.10.02"]
[EventType "swiss"]
[EventRounds "6"]
[EventCountry "ITA"]
[SourceTitle "EXT 2001"]
[Source "ChessBase"]
[SourceDate "2000.11.22"]
[SourceVersion "1"]
[SourceVersionDate "2000.11.22"]
[SourceQuality "1"]

1. e4 e6 2. d4 d5 3. Nd2 dxe4 4. Nxe4 Nd7 5. Nf3 Ngf6 6. Ng3 b6 7. Be2 Be7 8. 0-0 Bb7 9. Ne5 Nxe5 10. dxe5 Qxd1 11. Rxd1 Nd7 12. Bf4 0-0-0 13. Nf1 h5 14. h3 f6 15. exf6 gxf6 16. Nd2 e5 17. Bh2 f5 18. Nf3 Rhg8 19. Ne1 Rg5 20. Bc4 Bd6 21. Bd5 Bxd5 22. Rxd5 Rdg8 23. f3 f4 24. Rd2 Nf6 25. Re2 Nd5 26. Kh1 Ne3 27. c3 Kd7 28. b4 a5 29. a3 Ra8 30. Nd3 Rgg8 31. Bg1 Nf5 32. Nxe5+ Bxe5 33. Rxe5 Ng3+ 34. Kh2 axb4 35. Rd1+ Kc6 36. cxb4 Rxa3 37. b5+ Kb7 38. Bf2 Ra2 39. Bxg3 Rxg3 40. Rxh5 Raxg2+ 41. Kh1 Rc2 42. Rf1 Rc5 43. Rxc5 bxc5 44. Rc1 Kb6 45. Rc4 Rxh3+ 46. Kg2 Rh4 47. Re4 Kxb5 48. Re5 Kb4 49. Re7 Rh5 50. Re4+ c4 51. Rxf4 Kb3 52. Re4 c3 53. Re8 c2 0-1

[Event "Corsico Magistrale op 19th"]
[Site "Corsico"]
[Date "1999.10.02"]
[Round "1"]
[White "Natalucci, Fabrizio"]
[Black "Mascheroni, Maurizio"]
[Result "1/2-1/2"]
[WhiteElo "2078"]
[BlackElo "1989"]
[PlyCount "44"]
[EventDate "1999.10.02"]
[EventType "swiss"]
[EventRounds "6"]
[EventCountry "ITA"]
[SourceTitle "EXT 2001"]
[Source "ChessBase"]
[SourceDate "2000.11.22"]
[SourceVersion "1"]
[SourceVersionDate "2000.11.22"]
[SourceQuality "1"]

1. d4 Nf6 2. Nf3 e6 3. g3 b6 4. Bg2 Bb7 5. 0-0 Be7 6. c4 0-0 7. d5 exd5 8. Nh4 d6 9. Nc3 Nbd7 10. Nf5 Re8 11. cxd5 Ne5 12. f4 Ng6 13. Bf3 Bc8 14. Nd4 Bg4 15. e4 Qd7 16. Nc6 a6 17. Be3 Bxf3 18. Qxf3 Ng4 19. Bd4 Bf6 20. Bxf6 Nxf6 21. Rad1 Qg4 22. Qg2 h6 1/2-1/2

[Event "Bratto op 19th"]
[Site "Bratto"]
[Date "1999.??.??"]
[Round "3"]
[White "Mascheroni, Maurizio"]
[Black "Moloney, Nicholas"]
[Result "0-1"]
[WhiteElo "2061"]
[BlackElo "2120"]
[PlyCount "60"]
[EventDate "1999.??.??"]
[EventType "swiss"]
[EventRounds "9"]
[EventCountry "ITA"]
[SourceTitle "EXT 2000"]
[Source "ChessBase"]
[SourceDate "1999.11.16"]
[SourceVersion "1"]
[SourceVersionDate "1999.11.16"]
[SourceQuality "1"]

1. e4 c6 2. d4 d5 3. Nd2 dxe4 4. Nxe4 Nd7 5. Nf3 Ngf6 6. Ng3 e6 7. Bd3 Be7 8. 0-0 0-0 9. Ne5 Qc7 10. f4 c5 11. c3 cxd4 12. cxd4 Qb6 13. Kh1 g6 14. Bc2 Rd8 15. Nf3 Nf8 16. b3 Bd7 17. Bb2 Nd5 18. Qe1 Rac8 19. Be4 Bb4 20. Qf2 Bb5 21. Rfc1 Qd6 22. Ne5 Ba6 23. f5 Rxc1+ 24. Bxc1 exf5 25. Bxf5 f6 26. Ne4 Qe7 27. Ng4 Re8 28. Bxg6 Nxg6 29. Ngxf6+ Nxf6 30. Nxf6+ Qxf6 0-1

[Event "Bratto op 18th"]
[Site "Bratto"]
[Date "1998.??.??"]
[Round "?"]
[White "Mascheroni, Maurizio"]
[Black "Esposito, Luca"]
[Result "1/2-1/2"]
[WhiteElo "2020"]
[BlackElo "2200"]
[PlyCount "39"]
[EventDate "1998.??.??"]
[EventType "swiss"]
[EventRounds "9"]
[EventCountry "ITA"]
[SourceTitle "EXT 2000"]
[Source "ChessBase"]
[SourceDate "1999.11.16"]
[SourceVersion "1"]
[SourceVersionDate "1999.11.16"]
[SourceQuality "1"]

1. e4 c5 2. Nf3 d6 3. d3 g6 4. g3 Bg7 5. Bg2 e6 6. 0-0 Ne7 7. c3 0-0 8. Be3 b6 9. Qd2 Re8 10. h3 Bb7 11. Nh2 f5 12. Bh6 Nd7 13. Bxg7 Kxg7 14. c4 Qc7 15. Nc3 Nf6 16. Rae1 Nc6 17. f4 Nd4 18. Nf3 Nxf3+ 19. Bxf3 a6 20. g4 1/2-1/2

[Event "Corsico op1"]
[Site "Corsico"]
[Date "1998.??.??"]
[Round "2"]
[White "Mascheroni, Maurizio"]
[Black "Griffa, Roberto"]
[Result "1-0"]
[WhiteElo "2020"]
[BlackElo "2075"]
[PlyCount "63"]
[EventDate "1998.??.??"]
[EventType "swiss"]
[EventRounds "6"]
[EventCountry "ITA"]
[SourceTitle "EXT 2002"]
[Source "ChessBase"]
[SourceDate "2001.11.25"]
[SourceVersion "1"]
[SourceVersionDate "2001.11.25"]
[SourceQuality "1"]

1. e4 d5 2. exd5 Qxd5 3. Nc3 Qa5 4. Nf3 Nf6 5. Bc4 c6 6. h3 e6 7. d3 b5 8. Bb3 Nbd7 9. 0-0 Be7 10. Nd4 Bb7 11. Bxe6 fxe6 12. Nxe6 b4 13. Ne2 Kf7 14. Ng5+ Kg8 15. Ng3 h6 16. Ne6 Kf7 17. Re1 Rhe8 18. Bf4 Bd6 19. Qf3 Bxf4 20. Nxf4 Rxe1+ 21. Rxe1 b3 22. c3 bxa2 23. Ra1 Rb8 24. Ne4 Kg8 25. Nd6 Qe5 26. Ne4 Qe7 27. Ng6 Qf7 28. Qg3 Kh7 29. Nh4 Ba6 30. Nd6 Qe6 31. Qg6+ Kg8 32. Nhf5 1-0